Child health guide : (Record no. 4524)
[ view plain ]
| 000 -LEADER | |
|---|---|
| fixed length control field | 00720cam a22001934a 4500 |
| 020 ## - ISBN | |
| International Standard Book Number | 1556435649 (pbk.) |
| 050 00 - LIBRARY OF CONGRESS CALL NUMBER | |
| Classification Number | RJ 61 |
| Item Number | .N38 |
| 100 1# - MAIN ENTRY--Author | |
| Personal name | Neustaedter, Randall, |
| 245 10 - TITLE | |
| Title | Child health guide : |
| Remainder of title | holistic pediatrics for parents / |
| Statement of responsibility, etc | Randall Neustaedter. |
| 260 ## - PUBLICATION, DISTRIBUTION, ETC.(IMPRINT) | |
| Place of publication, distribution, etc | Berkeley, Calif. : |
| Name of publisher, distributor, etc | North Atlantic Books, |
| Date of publication, distribution, etc | c2005. |
| 300 ## - PHYSICAL DESCRIPTION | |
| Extent | 306 p. ; |
| 650 #0 - SUBJECT--TOPIC | |
| Form subdivision | Popular works. |
| 650 #0 - SUBJECT--TOPIC | |
| Form subdivision | Popular works. |
| 650 #0 - SUBJECT--TOPIC | |
| General subdivision | Diseases |
| -- | Alternative treatment |
| Form subdivision | Popular works. |
| 856 41 - URL/ELECTRONIC LOCATION AND ACCESS | |
| Uniform Resource Identifier | <a href="http://www.loc.gov/catdir/toc/ecip058/2005004727.html">http://www.loc.gov/catdir/toc/ecip058/2005004727.html</a> |
| 856 42 - URL/ELECTRONIC LOCATION AND ACCESS | |
| Uniform Resource Identifier | <a href="http://www.loc.gov/catdir/enhancements/fy0730/2005004727-d.html">http://www.loc.gov/catdir/enhancements/fy0730/2005004727-d.html</a> |
| 856 42 - URL/ELECTRONIC LOCATION AND ACCESS | |
| Uniform Resource Identifier | <a href="http://www.loc.gov/catdir/enhancements/fy0730/2005004727-b.html">http://www.loc.gov/catdir/enhancements/fy0730/2005004727-b.html</a> |
| 942 ## - ADDED ENTRY ELEMENTS(KOHA) | |
| Source of classification or shelving scheme | Library of Congress Classification |
| Koha item type | General circulation |
| Source of classification or shelving scheme | Not for loan | Location (home branch) | Sublocation (holding branch) | Shelving location | Date accessioned | Full call number | Barcode | Koha item type | Public note |
|---|---|---|---|---|---|---|---|---|---|
| Library of Congress Classification | Main Campus Library | Main Campus Library | 29/06/2015 | RJ 61 .N38 | 2015/001308 | General circulation | smo |